000 01452 a2200229 4500
001 21953
005 20260407155509.0
008 260407a2006 arg spa d
003 AR-UNSa-BCEJYS
040 _aAR-UNSa-BCEJYS
_bspa
_cAR-UNSa-BCEJYS
080 _a657.3
_xPresupuestos. Cierre de Cuentas. Balances (Estados Contables)
245 1 0 _aEstados contables
_ppresentación interpretación y análisis
020 _a978-987-01-0559-6
250 _a4a. ed
264 1 _aBuenos Aires :
_bErrepar
_c2006
300 _a335 p.
_c21 cm.
505 _a1. Contenido y metodología de la obra - 2. Introducción a la teoría contable: Normas de medición - 3. Introducción a la teoría contable: Normas de exposición.ajustes extracontables para el análisis - 4. Los estados de cambios en la posición financiera de las empresas - 5. Tipos de análisis con estados contables - 6. Caso base de análisis de estados contables - 7. Prestación de informes sobre el análisis de los estados contables - 8. Calificaciones vinculadas con créditos bancarios y compañías de seguros - 9. Calificaciones de riesgo por la compra de títulos de valores(acciones y obligaciones negociables)en oferta pública.
942 _cBK
590 _aniveau_biblio:m niveau_hierar:0
100 1 _aBiondi, Mario
856 4 1 _uhttps://biblioeco.unsa.edu.ar/pmb/images/libros/Estados contables presentacion, interpretacion y analisis-l116308.jpg
_yImagen de portada
_qimage/jpeg
999 _c873
_d873